Catálogo Biblioteca Central

De la aristocracia tradicional a las modernas élites funcionales en el terreno político (Registro nro. 110267)

Detalles MARC
000 -CABECERA
campo de control de longitud fija 00592naa a2200181 4500
001 - NÚMERO DE CONTROL
campo de control 110267
003 - IDENTIFICADOR DEL NÚMERO DE CONTROL
campo de control ES-MaBCM
005 - FECHA Y HORA DE LA ÚLTIMA TRANSACCIÓN
campo de control 20241127154255.0
008 - CÓDIGOS DE INFORMACIÓN DE LONGITUD FIJA
campo de control de longitud fija 050808s2005 esp|r0p 0 ||spa d
021 ## -
-- xx
035 ## - NÚMERO DE CONTROL DEL SISTEMA
Número de control de sistema (OCoLC)1365227321
040 ## - FUENTE DE LA CATALOGACIÓN
Centro transcriptor ES-MaBCM
100 1# - PUNTO DE ACCESO PRINCIPAL - NOMBRE DE PERSONA
Nombre de persona Mansilla, H.C.F.
9 (RLIN) 28703
245 00 - MENCIÓN DE TÍTULO
Título De la aristocracia tradicional a las modernas élites funcionales en el terreno político
Mención de responsabilidad etc. H. C. F. Mansilla
650 17 - PUNTO DE ACCESO ADICIONAL DE MATERIA--TÉRMINO DE MATERIA
Término de materia o nombre geográfico como elemento inicial Élite política
9 (RLIN) 58512
773 0# - ENLACE AL DOCUMENTO FUENTE
Encabezamiento principal En:
Título . Revista de estudios políticos
Lugar editor y fecha de publicación Madrid
Parte(s) relacionada(s) N. 128 (abr.-jun. 2005), p. 179-191
Número de control del registro relacionado 104532
942 ## - ELEMENTOS DE PUNTO DE ACCESO ADICIONAL (KOHA)
Tipo de ítem Koha Artículos de revistas
Existencias
Estado de retiro Estado de pérdida Estado dañado No para préstamo Localización permanente Ubicación/localización actual Fecha de adquisición Total de préstamos Precio válido a partir de Tipo de ítem Koha
        Biblioteca Central del Ministerio de la Presidencia Biblioteca Central del Ministerio de la Presidencia 21/04/2012   21/04/2012 Artículos de revistas